| 000 | 00540nam a2200217Ia 4500 | ||
|---|---|---|---|
| 999 |
_c33765 _d33765 |
||
| 003 | OSt | ||
| 005 | 20210622105715.0 | ||
| 008 | 160316s2012 xxu||||| |||| 00| 0 eng d | ||
| 020 | _a9789350593301 | ||
| 040 | _cn | ||
| 082 |
_a320.010000 _bGAU |
||
| 100 | _aGauba O P | ||
| 245 | _aIntroduction to political theory | ||
| 250 | _a5th | ||
| 260 |
_aNew Delhi _bMacmillan Publishing Co. _c2012 |
||
| 300 |
_a572p _cxv |
||
| 365 | _b Rs. 375 | ||
| 650 | _a1. Political Philosophy2. Political Theory | ||
| 700 |
_a _a |
||
| 942 |
_2ddc _cBK |
||